| 000 | 01125cab a2200265 4500 | ||
|---|---|---|---|
| 001 | WB2931-07 | ||
| 008 | 090401t xxu||||| |||| 00| 0 eng d | ||
| 035 | _a(Sirsi) u5516 | ||
| 041 | _aeng | ||
| 245 | _aNew fire rules will damage residential lettings market | ||
| 260 | _c(PR167/93res) 26 August 1993(2) | ||
| 350 | _a0 | ||
| 490 |
_aRICS Press Release _v(PR167/93res) 26 August 1993(2) |
||
| 520 | _aThe RICS say that the "Fire and Furnishing Regulations" from the DTI will make letting residential property harder. The regulations place a new responsibilty on letting agents to check that all furniture in the property conform with stringent fire regulations. If an agent fails to comply it could lead to 6 months in prison and /or a £5,000 fine. | ||
| 650 | _aFIRE AND FURNISHING REGULATIONS | ||
| 650 | _aFIRE PRECAUTIONS | ||
| 650 | _aMANAGEMENT-HEALTH AND SAFETY-FIRE SAFETY | ||
| 650 |
_aHEALTH AND SAFETY _96244 |
||
| 650 | _aLETTING AGENTS | ||
| 650 | _aRENTED ACCOMMODATION | ||
| 650 | _aRESIDENTIAL LETTINGS | ||
| 690 | _aBUILT ENVIRONMENT-BUILDING STANDARDS | ||
| 942 | _n0 | ||
| 948 | _c04/03/1997 | ||
| 999 |
_c3289 _d3289 |
||